000 00764nab a2200241 u 4500
001 15791
003 HDC
007 cr bn ---aaaaa
008 210219c |r|noo 0 a may d
040 _aHDC
245 0 _aPeti sejuk campur aduk Halal dan babi
260 _a[no place] :
_b[publisher not identified],
_c2010
336 _atext
_2rdacontent
337 _acomputer
_2rdamedia
338 _aonline resource
_2rdacarrier
650 _aHalal market
_9582
650 _aHalal meat
_91025
710 _aHalal media
856 _zRequest full-text at [email protected]
942 _2lcc
942 _cNEWS
942 _kNWSO 004743
999 _c13107
_d13107